Parafrasis arabe de la Tabla de Cebes / (Record no. 165944)

MARC details
000 -LEADER
campo de control de longitud fija 02242nam a2200325 i 4500
001 - NÚMERO DE CONTROL
campo de control 165944
003 - IDENTIFICADOR DE NÚMERO DE CONTROL
campo de control ES-MaACL
005 - FECHA Y HORA DE LA ÚLTIMA TRANSACCIÓN
campo de control 20250905160834.0
008 - DATOS DE LONGITUD FIJA--INFORMACIÓN GENERAL
campo de control de longitud fija 931025s1793 sp a |||| | spa d
040 ## - FUENTE DE CATALOGACIÓN
Centro catalogador/agencia de origen CAM
Lengua de catalogación spa
Centro/agencia transcriptor PAB
130 3# - ENTRADA PRINCIPAL--TÍTULO UNIFORME
Título uniforme La Tabla de Cebes.
9 (RLIN) 135319
245 10 - MENCIÓN DEL TÍTULO
Título Parafrasis arabe de la Tabla de Cebes /
Mención de responsabilidad, etc. traducida en castellano é ilustrada con notas por D. Pablo Lozano y Casela...
260 ## - PUBLICACIÓN, DISTRIBUCIÓN, ETC.
Lugar de publicación, distribución, etc. Madrid :
Nombre del editor, distribuidor, etc. en la Imprenta Real, siendo su regente D. Lazaro Gayguer ...,
Fecha de publicación, distribución, etc. 1793.
300 ## - DESCRIPCIÓN FÍSICA
Extensión [6], XL, 219, [31] p., [1] h. de grab. pleg. ;
Dimensiones 4º.
505 8# - NOTA DE CONTENIDO CON FORMATO
Nota de contenido con formato Contiene: Enigma de Cebes amigo de Platon, p. 1-85 ; Notas filosoficas á la Paráfrasis arabe de la Tabla de Cebes, p. 86-111 ; Version libre castellana de la Parafrasis arabe de la Tabla de Cebes, p. 112-136 ; Notas para la mas facil inteligencia de lo que se contiene en la Tabla de Cebes, p. 137-165 ; Tres centurias de sentencias arabes traducidas por primera vez, p. 167-219, con antep. propia ; Texto arabe de la parafrasis de la Tabla de Cebes sin mociones ni version para exercicio de los principiantes, [31] p., con port. propia (lógicamente se halla en la última h. y el texto termina en la h. 2E2 v.)
530 ## - NOTA DISPONIBLE DE FORMULARIO FÍSICO ADICIONAL
Nota de formato físico adicional disponible Disponible en formato digital.
594 ## - Nota al título y mención de responsabilidad
Nota al título y mención de responsabilidad Texto paralelo español-árabe y el de la secuencia de [31] p. está solo en árabe.
595 ## -
-- Existen ejemplares impresos en formato 4º marquilla, en papel de gran calidad y con amplios márgenes.
597 ## - NOTA DE DESCRIPCIÓN FÍSICA
NOTA DE DESCRIPCIÓN FÍSICA Sign. : Sign.: [ ]4-¹, a-e4, A-Z4, 2A-2H4, [ ]²-¹.
597 ## - NOTA DE DESCRIPCIÓN FÍSICA
NOTA DE DESCRIPCIÓN FÍSICA La h. de lámina es un grabado calcográfico alegórico: "J.L. Enguidanos delt. J.G. Navia sculpt" La port. de "Texto arabe de la parafrasis ..." con esc. calc. real.
611 24 - PUNTO DE ACCESO ADICIONAL DE MATERIA--NOMBRE DE REUNIÓN/CONGRESO
Nombre de congreso/reunión o jurisdicción como elemento de entrada Gómez de Navia, José.
Fecha del congreso o de la firma del tratado 1757-después de 1803)
9 (RLIN) 224289
650 #7 - PUNTO DE ACCESO ADICIONAL DE MATERIA--TÉRMINO DE MATERIA
Término de materia o nombre geográfico como elemento de entrada Filosofía griega
Fuente del encabezamiento o término embne
9 (RLIN) 12849
650 #4 - PUNTO DE ACCESO ADICIONAL DE MATERIA--TÉRMINO DE MATERIA
Término de materia o nombre geográfico como elemento de entrada Ética-
Subdivisión de forma Obras anteriores a 1800.
9 (RLIN) 148528
700 0# - ENTRADA AGREGADA--NOMBRE PERSONAL
Nombre de persona Lozano y Casela, Pablo.
9 (RLIN) 74473
700 1# - ENTRADA AGREGADA--NOMBRE PERSONAL
Nombre de persona López Enguidanos, José,
Fechas asociadas al nombre 1760-1812
9 (RLIN) 155037
852 ## - LOCALIZACIÓN
Ubicación ES-MaACL
Número de control de estantería R-1354
Nota libre -- Enc. hol.
Encuadernación Olim: G-14962
856 ## - LOCALIZACIÓN Y ACCESO ELECTRÓNICOS
Identificador Uniforme de Recursos <a href="http://bdh-rd.bne.es/viewer.vm?id=0000045739&page=1 ">http://bdh-rd.bne.es/viewer.vm?id=0000045739&page=1 </a>
Nota pública Biblioteca Digital Hispánica
Holdings
Estatus retirado Estado de pérdida Estado de daño No para préstamo Colección Biblioteca de origen Biblioteca actual Ubicación en estantería Fecha de adquisición Fuente de adquisición Total de préstamos Signatura topográfica completa Código de barras Visto por última vez Precio de reemplazo Tipo de ítem Koha
        Colección digital Biblioteca del Ateneo de Madrid Biblioteca del Ateneo de Madrid Depósito 17/01/2008     R-1354 1174029 23/02/2023 23/02/2023 Libro impreso antiguo